[Event "AUTO-OPEN-1695"]
[Site "http://www.queenalice.com/game.php?id=654594"]
[Date "2009.9.18"]
[Round "1"]
[White "CXMjonnes"]
[Black "lesganareatodos"]
[Result "0-1"]
[WhiteElo "1693"]
[BlackElo "1778"]

1. d4 d5 2. c4 Nc6 3. Nc3 Nf6 4. Nf3 Bg4 5. Ne5 Be6 6. e3 Nxe5 7. dxe5 Ne4 8.
Nxd5 c6 9. Nf4 Qxd1+ 10. Kxd1 Nxf2+ 11. Ke2 Nxh1 0-1

[Event "AUTO-OPEN-1695"]
[Site "http://www.queenalice.com/game.php?id=654595"]
[Date "2009.9.18"]
[Round "1"]
[White "lesganareatodos"]
[Black "CXMjonnes"]
[Result "1-0"]
[WhiteElo "1897"]
[BlackElo "1629"]

1. d4 Nf6 2. c4 g6 3. Nc3 Bg7 4. e4 d6 5. Nf3 O-O 6. Be2 e5 7. dxe5 dxe5 8. Qxd8
Rxd8 9. Bg5 Re8 10. Rd1 Nc6 11. Nd5 Nxd5 12. cxd5 Nd4 13. Nxd4 exd4 14. f3 c5
15. Rc1 b6 16. Bb5 Re5 17. Bf4 Re7 18. Bd6 Bd7 19. Bxe7 1-0

[Event "AUTO-OPEN-1696"]
[Site "http://www.queenalice.com/game.php?id=654824"]
[Date "2009.9.19"]
[Round "1"]
[White "Zacharias_Matuzalem"]
[Black "CXMjonnes"]
[Result "0-1"]
[WhiteElo "1908"]
[BlackElo "1612"]

1. f4 Nf6 2. Nf3 g6 3. e3 Bg7 4. Be2 d6 5. O-O O-O 6. c3 Nc6 7. d4 Nd7 8. Nbd2
e5 9. fxe5 dxe5 10. Nb3 e4 11. Nfd2 Nf6 12. c4 Bd7 13. d5 Ne5 14. Nc5 c6 15.
Nxb7 Qc7 16. dxc6 Bxc6 17. Nc5 Rad8 18. Qc2 Neg4 19. g3 Nxe3 20. Qb3 Nxf1 21.
Nxf1 Ba8 22. Be3 Rb8 23. Qc2 Nd7 24. Nxd7 Qxd7 25. Rd1 Qb7 26. Bg4 Qxb2 27. Qa4
Qb4 28. Qxa7 Qxc4 29. Bd7 Bd5 30. Qa5 Be6 31. Ba4 Qxa2 32. Rd2 Rb2 33. Rxb2 Qxb2
34. Bc5 Bd4+ 35. Bxd4 Qxd4+ 36. Kg2 Bc4 37. Bc6 Qd1 38. Bxe4 Qxf1# 0-1

[Event "AUTO-OPEN-1696"]
[Site "http://www.queenalice.com/game.php?id=654825"]
[Date "2009.9.19"]
[Round "1"]
[White "CXMjonnes"]
[Black "Zacharias_Matuzalem"]
[Result "0-1"]
[WhiteElo "1616"]
[BlackElo "1915"]

1. d4 Nf6 2. c4 e6 3. Nf3 Bb4+ 4. Bd2 Be7 5. Nc3 O-O 6. e4 d5 7. cxd5 exd5 8.
Bd3 dxe4 9. Nxe4 Nc6 10. O-O Nxd4 11. Nxf6+ Bxf6 12. Bc3 Nxf3+ 13. Qxf3 Bxc3 14.
bxc3 c6 15. Rad1 Qh4 16. Bf5 Bxf5 17. Qxf5 Qc4 18. Qc2 a5 19. Rd4 Qe6 20. Rfd1
b5 21. h3 Rac8 22. Re4 Qf6 23. c4 b4 24. Rd3 Rfe8 25. Rf3 Qa1+ 26. Kh2 Rxe4 27.
Qxe4 Qxa2 28. Qf5 Rf8 29. Qc5 b3 30. Qxc6 b2 31. c5 b1=Q 32. Qd6 Qb8 0-1

[Event "AUTO-OPEN-1696"]
[Site "http://www.queenalice.com/game.php?id=654850"]
[Date "2009.9.19"]
[Round "1"]
[White "luizpessoa"]
[Black "CXMjonnes"]
[Result "0-1"]
[WhiteElo "1725"]
[BlackElo "1595"]

1. e4 e6 2. Bc4 d5 3. exd5 exd5 4. Bb3 Nf6 5. d3 Be7 6. Be3 d4 7. Bf4 O-O 8. h3
c5 9. Nf3 Nc6 10. Ng5 h6 11. Nf3 Bf5 12. g4 Bg6 13. g5 hxg5 14. Bxg5 Nd5 15. h4
Bxg5 16. Nxg5 Qe7+ 17. Qe2 Qxe2+ 18. Kxe2 Rae8+ 19. Kd2 Nf6 20. Na3 a6 21. Rae1
Rxe1 22. Kxe1 Ne5 23. f4 Neg4 24. Nc4 Re8+ 25. Kd2 b5 26. Nd6 Re7 27. f5 Bh5 28.
Bxf7+ Bxf7 29. Ngxf7 Rxf7 30. Nxf7 Kxf7 31. h5 Nh6 32. c4 Nxf5 33. cxb5 axb5 34.
b3 Nd5 35. Re1 Kf6 36. Re8 Nd6 37. Rd8 Ke6 38. h6 gxh6 39. Rb8 Kd7 40. Rg8 Kc6
41. Rg6 Nc3 42. Rxh6 Nxa2 43. Rh4 Nb4 44. Rg4 Nf5 45. Rg6+ Nd6 46. Rg5 Nd5 47.
Rg4 Nb7 48. Rg6+ Nd6 49. Rg4 Ne3 50. Rg6 Nf5 51. Rf6 Kb6 52. Ke2 Ka5 53. Kf3 Kb4
54. Rf8 Kxb3 55. Ke2 c4 56. dxc4 bxc4 57. Kd2 Ne4+ 58. Kc1 Nfd6 59. Rf3+ d3 60.
Re3 Kc3 61. Kd1 Kd4 62. Rh3 c3 63. Kc1 Nc4 64. Rh2 Ne3 65. Rh1 Nc4 66. Rd1 Nb2
67. Rf1 Nd2 68. Rf4+ Ke3 69. Rb4 Ndc4 70. Rb3 Ke2 71. Rxc3 d2+ 72. Kb1 d1=Q+ 73.
Rc1 Qd3+ 74. Ka2 Qa3+ 75. Kb1 Nd2+ 76. Kc2 Qb3# 0-1

[Event "AUTO-OPEN-1696"]
[Site "http://www.queenalice.com/game.php?id=654851"]
[Date "2009.9.19"]
[Round "1"]
[White "CXMjonnes"]
[Black "luizpessoa"]
[Result "1-0"]
[WhiteElo "1666"]
[BlackElo "1757"]

1. d4 d5 2. c4 dxc4 3. Nf3 e6 4. e4 b5 5. Be2 Bd7 6. Nc3 Bb4 7. O-O Nf6 8. Bg5
h6 9. Bxf6 Qxf6 10. e5 Qe7 11. a4 bxa4 12. Bxc4 Bxc3 13. bxc3 Bc6 14. Bd3 Nd7
15. c4 Rb8 16. Qe2 Bxf3 17. Qxf3 Qg5 18. Rxa4 O-O 19. Qe4 f6 20. Qh7+ Kf7 21.
Qe4 Rfc8 22. Qc6 Ke7 23. Rxa7 Rb6 24. Qa4 fxe5 25. Be4 exd4 26. Bb7 Rb8 27. Bc6
Rb1 28. g3 Rxf1+ 29. Kxf1 Ne5 30. Rxc7+ Kf6 31. Bb5 Nf3 32. Qa1 Nxh2+ 33. Kg2
Qe5 34. Rd7 Ng4 35. Qxd4 Qxd4 36. Rxd4 Ne5 37. f4 Ng6 38. Kf3 Ne7 39. g4 g5 40.
fxg5+ hxg5 41. Rd1 Ng6 42. Rh1 Rc8 43. Rh6 Rc5 44. Be8 Kg7 45. Rxg6+ Kf8 46. Bb5
Kf7 47. Rh6 Re5 48. Rh7+ Kf6 49. Rh8 Re1 50. Rf8+ Ke5 51. Kf2 Rd1 52. Ke2 Rh1
53. Re8 Rh2+ 54. Kd3 Rh3+ 55. Kc2 Rg3 56. Bd7 Rxg4 57. Rxe6+ Kd4 58. Bb5 Rf4 59.
Kb3 g4 60. Kb4 g3 61. Bc6 Rg4 62. Rd6+ Ke3 63. Kb5 g2 64. Bxg2 Rxg2 65. c5 Rg5
66. Kb6 Ke4 67. c6 Ke5 68. Rd1 Ke6 69. c7 Rg8 70. Kb7 Rg7 71. Kb8 Rg8+ 72. c8=Q+
Rxc8+ 73. Kxc8 Ke5 74. Kc7 Ke4 75. Kc6 Ke5 76. Rd8 Ke4 77. Kc5 Ke3 78. Kc4 Ke4
79. Re8+ Kf5 80. Kd5 Kf6 81. Kd6 Kf5 82. Re1 Kf4 83. Kd5 Kf3 84. Kd4 Kf2 85. Re8
Kf3 86. Re7 Kf4 87. Rf7+ Kg5 88. Ke4 Kg6 89. Rf1 Kg5 90. Rf2 Kg6 91. Ke5 Kg7 92.
Ke6 Kg6 93. Rg2+ Kh5 94. Kf6 Kh4 95. Kf5 Kh3 96. Rg8 Kh4 97. Rg7 Kh3 98. Kf4 Kh2
99. Kf3 Kh3 100. Rh7# 1-0

[Event "AUTO-INT-1453"]
[Site "http://www.queenalice.com/game.php?id=654920"]
[Date "2009.9.19"]
[Round "1"]
[White "paulogaspar"]
[Black "CXMjonnes"]
[Result "0-1"]
[WhiteElo "1885"]
[BlackElo "1556"]

1. e4 e6 2. d4 d5 3. e5 c5 4. Nf3 Nc6 5. Bb5 Bd7 6. O-O Nxe5 7. Bxd7+ Nxd7 8.
Nc3 Ngf6 9. Re1 Be7 10. dxc5 Nxc5 11. a3 O-O 12. b4 Nce4 13. Nxe4 dxe4 14. Nd2
Qd4 15. Nb3 Qxd1 16. Rxd1 Nd5 17. Bb2 Bf6 18. Bxf6 Nxf6 19. Nc5 b6 20. Nb3 Rfc8
21. Rac1 Rc3 22. Rd4 Rac8 23. h3 h6 24. Rd2 Rxb3 25. cxb3 Rxc1+ 26. Kh2 Nd5 27.
Rd4 e3 28. fxe3 Nxe3 29. Rd3 Nf1+ 30. Kg1 Ne3+ 31. Kf2 Nd5 32. b5 Kf8 33. b4 Ke7
34. Kf3 Rc3 35. Rxc3 Nxc3 0-1

[Event "AUTO-INT-1453"]
[Site "http://www.queenalice.com/game.php?id=654921"]
[Date "2009.9.19"]
[Round "1"]
[White "CXMjonnes"]
[Black "paulogaspar"]
[Result "1/2-1/2"]
[WhiteElo "1585"]
[BlackElo "1864"]

1. d4 c6 2. c4 g6 3. Nc3 Bg7 4. e4 d6 5. Be3 Nf6 6. f3 O-O 7. Qd2 a6 8. O-O-O b5
9. g4 b4 10. Nce2 a5 11. h4 Ba6 12. Ng3 Nbd7 13. h5 Rb8 14. Qh2 Ne8 15. hxg6
fxg6 16. d5 c5 17. Bh6 Rf7 18. Nf5 gxf5 19. gxf5 Ne5 20. f4 Ng4 21. Qg3 Nxh6 22.
Rxh6 Kh8 23. Rh4 Bf6 24. Rg4 Ng7 25. Nf3 Qe8 26. Ng5 Nh5 27. Qh2 Rg7 28. Be2 Bd4
29. Rh1 Be3+ 30. Kb1 Bxf4 31. Rxf4 Rxg5 32. Bxh5 Rxh5 33. Qxh5 Qxh5 34. Rxh5
Bxc4 35. Rfh4 Bd3+ 36. Kc1 Kg7 37. Rxh7+ Kf6 38. R4h6+ Kg5 39. Rh4 Re8 40. Kd2
c4 41. a3 bxa3 42. bxa3 Rb8 43. R7h5+ Kf6 44. Rh6+ Kg5 45. R4h5+ Kf4 46. Rh4+
Kg5 47. R4h5+ 1/2-1/2

[Event "AUTO-INT-1453"]
[Site "http://www.queenalice.com/game.php?id=654936"]
[Date "2009.9.19"]
[Round "1"]
[White "CXMjonnes"]
[Black "Teutonik"]
[Result "1-0"]
[WhiteElo "1584"]
[BlackElo "1727"]

1. d4 e6 2. c4 d5 3. Nf3 Nf6 4. Nc3 c5 5. e3 Nc6 6. Bd3 Be7 7. O-O O-O 8. Qe2
cxd4 9. exd4 Re8 10. Bg5 b6 11. Rac1 h6 12. Bh4 Qd6 13. cxd5 exd5 14. Rfd1 Nd7
15. Bg3 Qf6 16. Ne5 Bd6 17. Qh5 Bxe5 18. Bxe5 Ndxe5 19. dxe5 Rxe5 20. Qf3 Qd6
21. Bb5 Qc5 22. Bxc6 Qxc6 23. Rxd5 Rxd5 24. Qxd5 Qxd5 25. Nxd5 Bb7 26. Ne7+ Kh7
27. Rc7 Rd8 28. h3 Rd1+ 29. Kh2 Be4 30. f3 Bg6 31. Rxa7 Rd2 32. b4 b5 33. a4
bxa4 34. Rxa4 Rb2 35. Nd5 Bc2 36. Ra7 Kg6 37. Kg3 Bd1 38. Rb7 Bb3 39. Ne3 Re2
40. Kf4 Rd2 41. g4 Kh7 42. b5 Rf2 43. Kg3 Re2 44. Nf5 Rd2 45. b6 Rb2 46. Rb8 Bd5
47. Nd6 g5 48. b7 Bxb7 49. Rxb7 Rxb7 50. Nxb7 Kg6 51. f4 gxf4+ 52. Kxf4 f6 53.
h4 Kg7 54. Kf5 Kf7 55. Nd6+ Kg7 56. Ne4 1-0

[Event "AUTO-INT-1453"]
[Site "http://www.queenalice.com/game.php?id=654937"]
[Date "2009.9.19"]
[Round "1"]
[White "Teutonik"]
[Black "CXMjonnes"]
[Result "1-0"]
[WhiteElo "1666"]
[BlackElo "1609"]

1. e4 e6 2. d4 d5 3. e5 c5 4. c3 Nc6 5. Nf3 Bd7 6. b3 Qb6 7. Be2 cxd4 8. Nxd4
Nxe5 9. Be3 Qd8 10. O-O Nf6 11. Nd2 Be7 12. f4 Nc6 13. Bd3 a6 14. Nxc6 Bxc6 15.
Bd4 O-O 16. Bxf6 Bxf6 17. Rc1 b5 18. Nf3 Qb6+ 19. Nd4 Bxd4+ 20. cxd4 g6 21. Be2
Rac8 22. Bf3 Rc7 23. Qd2 Rfc8 24. Kh1 b4 25. g3 Bb5 26. Rxc7 Rxc7 27. Re1 Rc3
28. Re3 Qc7 29. Re1 a5 30. Be2 Bxe2 31. Rxe2 Rc1+ 32. Kg2 Qc3 33. Qxc3 Rxc3 34.
Kh3 Rd3 35. Rc2 Rc3 36. Rd2 Kg7 37. Kg2 Kf6 38. Kh3 h5 39. Re2 Ke7 40. Rd2 Kd6
41. Kh4 f6 42. Kh3 g5 43. fxg5 fxg5 44. Re2 Rd3 45. Re5 Rxd4 46. Rxg5 Rd2 47.
Rxh5 Rxa2 48. Rh8 Ra3 49. Ra8 Rxb3 50. Rxa5 Rb1 51. Kg4 b3 52. Rb5 b2 53. Rb6+
Ke5 54. h4 d4 55. Rb5+ Ke4 56. Rb4 e5 57. h5 Ke3 58. h6 d3 59. h7 Rh1 60. Rxb2
Rxh7 61. Rb3 e4 62. Kf5 Re7 63. Kf6 Re8 64. Kf7 Re5 65. Kf6 Ra5 66. g4 Ke2 67.
g5 Rxg5 68. Kxg5 d2 69. Rb2 Ke1 70. Rb1+ Ke2 71. Kf4 e3 72. Ke4 Kf2 73. Kd3
d1=Q+ 74. Rxd1 e2 75. Rd2 1-0

[Event "AUTO-INT-1453"]
[Site "http://www.queenalice.com/game.php?id=654938"]
[Date "2009.9.19"]
[Round "1"]
[White "CXMjonnes"]
[Black "wladimir"]
[Result "1-0"]
[WhiteElo "1640"]
[BlackElo "1585"]

1. d4 d5 2. c4 dxc4 3. Nf3 f6 4. e4 Bg4 5. Bxc4 Nc6 6. Be3 e6 7. O-O f5 8. Nc3
Nf6 9. e5 Ne4 10. h3 Bxf3 11. Qxf3 Nxc3 12. bxc3 Be7 13. Rab1 b6 14. Bxe6 Na5
15. Qxf5 Rf8 16. Qh5+ g6 17. Qxh7 Qd7 18. Qxg6+ Kd8 19. Bxd7 Kxd7 20. Qg4+ Kd8
21. f4 Nc4 22. Bc1 a5 23. f5 Na3 24. Bxa3 Bxa3 25. e6 Be7 26. Rf3 Kc8 27. Rbf1
Kb8 28. f6 Bxf6 29. Rxf6 Re8 30. e7 Rxe7 31. Rf8+ Kb7 32. Qf3+ Ka6 33. Rxa8+ Kb5
34. Qd3+ Kc6 35. Rf6+ Kd7 36. Qb5+ c6 37. Qxc6# 1-0

[Event "AUTO-INT-1453"]
[Site "http://www.queenalice.com/game.php?id=654939"]
[Date "2009.9.19"]
[Round "1"]
[White "wladimir"]
[Black "CXMjonnes"]
[Result "0-1"]
[WhiteElo "1549"]
[BlackElo "1654"]

1. e4 e6 2. Bc4 d5 3. exd5 exd5 4. Bb3 Nf6 5. Nf3 Bd6 6. Nc3 c6 7. d3 O-O 8. d4
Bg4 9. Bg5 Nbd7 10. h3 Bh5 11. g4 Bg6 12. Nh4 Qc7 13. Nxg6 fxg6 14. Qe2 Rae8 15.
Be3 Bb4 16. O-O-O Bxc3 17. bxc3 Ne4 18. c4 Nc3 19. Qd3 Nxd1 20. Qxd1 Qa5 21. c5
b5 22. g5 Qc3 23. Kb1 a5 24. Bd2 Qxd4 25. Re1 Rxe1 26. Qxe1 a4 27. Qe6+ Kh8 28.
Qxd7 Qxd2 29. Qe7 Rg8 30. Bxd5 Qxd5 31. h4 h6 32. gxh6 gxh6 33. Qf6+ Kh7 34.
Qe7+ Rg7 35. Qe3 Rd7 36. f4 Qd1+ 37. Kb2 Qd4+ 38. Qc3 b4 39. Qxd4 Rxd4 40. a3
Rxf4 41. axb4 Rxb4+ 42. Ka3 Rxh4 43. c3 Rc4 44. Kb2 Rxc5 0-1

[Event "Challenge"]
[Site "http://www.queenalice.com/game.php?id=682992"]
[Date "2009.11.14"]
[Round "-"]
[White "thedead"]
[Black "CXMjonnes"]
[Result "0-1"]
[WhiteElo "1472"]
[BlackElo "1686"]

1. e4 d6 2. h3 Nf6 3. d3 g6 4. Nf3 Bg7 5. Be2 O-O 6. O-O Nc6 7. c3 e5 8. Nbd2
Nd7 9. Nb3 Qe7 10. Be3 f5 11. Nbd2 f4 0-1